000 00611nam a2200241Ia 4500
003 OSt
005 20221007072632.0
006 a|||||r|||| 00| 0
007 ta
008 221006b |||||||| |||| 00| 0 eng d
024 _a24,841
037 _cTextual
040 _aFLL
_cFLL
_beng
041 _2eng
_aeng
082 _aZ3, J3
100 _aPhillips O. Hood
245 0 _aFirst book of english law
250 _a2nd
260 _aLondon
_bSweet & Maxwell Ltd. London
_c1953
300 _axxiv,1-292p
_ccm.
942 _hZ3, J3
_cTEXL
_2CC
999 _c1146611
_d1146611